2000-01 Premier League Final Table - Statistics

General Stats
  • This quiz has been taken 21 times
  • The average score is 10 of 20
Answer Stats
Position Team Won Drew Lost GF/GA GD Points % Correct
2 Arsenal 20 10 8 63/38 25 70
95%
3 Liverpool 20 9 9 71/39 32 69
95%
1 Manchester United 24 8 6 79/31 48 80
95%
4 Leeds United 20 8 10 64/43 21 68
79%
6 Chelsea 17 10 11 68/45 23 61
58%
18 Manchester City 8 10 20 41/65 -24 34
58%
16 Everton 11 9 18 45/59 -14 42
47%
11 Newcastle United 14 9 15 44/50 -6 51
47%
8 Aston Villa 13 15 10 46/43 3 54
42%
19 Coventry City 8 10 20 36/63 -27 34
42%
5 Ipswich Town 20 6 12 57/42 15 66
42%
12 Tottenham Hotspur 13 10 15 47/54 -7 49
42%
20 Bradford City 5 11 22 30/70 -40 26
37%
7 Sunderland 15 12 11 46/41 5 57
37%
15 West Ham United 10 12 16 45/50 -5 42
37%
9 Charlton Athletic 14 10 14 50/57 -7 52
32%
14 Middlesbrough 9 15 14 44/44 0 42
26%
10 Southampton 14 10 14 40/48 -8 52
26%
17 Derby County 10 12 16 37/59 -22 42
21%
13 Leicester City 14 6 18 39/51 -12 48
21%
No matching quizzes found
Score Distribution
Percent of People with Each Score
Percentile by Number Answered
Your Score History
You have not taken this quiz